书目信息 |
| 题名: |
总统保镖秘闻
|
|
| 作者: | 麦卡锡 著 ;郑钧 译 | |
| 分册: | ||
| 出版信息: | 北京 军事译文出版社 1986 |
|
| 页数: | 174页 | |
| 开本: | 19cm | |
| 丛书名: | ||
| 单 册: | ||
| 中图分类: | D771.236 | |
| 科图分类: | ||
| 主题词: | 情报机构--美国 , 情报机构--活动--美国 | |
| 电子资源: | ||
| ISBN: | ||
| 000 | 00852nam0 2200265 45 | |
| 001 | 0186019618 | |
| 005 | 20050627163115.0 | |
| 010 | @dCNY1.50 | |
| 091 | @a5319.71 | |
| 100 | @a19900802d1986 em y0chiy0121 ea | |
| 101 | 1 | @achi@ceng |
| 102 | @aCN@b110000 | |
| 105 | @af z 000yd | |
| 200 | 10 | @a总统保镖秘闻@Azong tong bao biao mi wen@e一个老牌特工的自述@EYi Ge LaoPai Te Gong De Zi Shu@f(美)丹尼斯·麦卡锡著@F(Mei)Dan Ni Si·Mai Ka Xi Zhu@g郑钧等译 |
| 210 | @a北京@c军事译文出版社@d1986 | |
| 215 | @a174页@c照片@d19cm | |
| 517 | @a一个老牌特工的自述@AYi Ge Lao Pai Te Gong De Zi Shu | |
| 606 | 0 | @a情报机构@y美国 |
| 606 | 0 | @a情报机构@x活动@y美国 |
| 690 | @aD771.236@v3 | |
| 701 | 0 | @a麦卡锡@4著 |
| 702 | 0 | @a郑钧@Azheng jun@4译 |
| 801 | 0 | @aCN@b深圳图书馆@c20040428 |
| 801 | 2 | @aCN@bNLC@c20040428 |
| 905 | @dD771.236@e156@f1@b249036 | |
| 总统保镖秘闻:一个老牌特工的自述/(美)丹尼斯·麦卡锡著/郑钧等译.-北京:军事译文出版社,1986 |
| 174页:照片;19cm |
| ISBN :CNY1.50 |
| ● |
| 相关链接 |
|
|
|
|
正题名:总统保镖秘闻
索取号:D771.236/156
 
预约/预借
| 序号 | 登录号 | 条形码 | 馆藏地/架位号 | 状态 | 备注 |
| 1 | 0249032 | 001685885 | 第一借阅区/ [索取号:D771.236/156] | 在馆 | |
| 2 | 0249033 | 001685812 | 密集书库/ [索取号:D771.236/156] | 在馆 | |
| 3 | 0249034 | 001685876 | 密集书库/ [索取号:D771.236/156] | 在馆 | |
| 4 | 0249035 | 001685867 | 密集书库/ [索取号:D771.236/156] | 在馆 |